[Event "Madrid ch Superveteranos 2021-2022"]
[Site "Madrid ESP"]
[Date "2022.04.20"]
[Round "3.8"]
[White "Castro Uceda, Jose Antonio"]
[Black "Barahona Torrijos, Angel"]
[Result "0-1"]
[WhiteElo "1446"]
[BlackElo "1765"]
[PlyCount "60"]
[EventDate "2022.04.18"]
[EventType "swiss"]
[EventRounds "7"]
[EventCountry "ESP"]
[SourceTitle "Ajedrez en Madrid"]
[Source "lmi"]
[SourceDate "2022.04.18"]
[SourceVersion "1"]
[SourceVersionDate "2022.04.28"]
[SourceQuality "1"]

1. e4 e5 2. Qh5 Nc6 3. Bc4 g6 4. Qf3 Nf6 5. Ne2 Bg7 6. d3 O-O 7. Bg5 h6 8. Bxf6
Qxf6 9. Qxf6 Bxf6 10. Nbc3 Na5 11. Bb3 Nxb3 12. axb3 c6 13. O-O d6 14. h3 Bg7
15. b4 f5 16. b5 Bd7 17. bxc6 Bxc6 18. b4 a6 19. Ra3 Rfd8 20. Rfa1 Rac8 21.
exf5 gxf5 22. Ng3 Bd7 23. Nd5 Rxc2 24. Ne7+ Kh7 25. Nexf5 Rf8 26. Nxg7 Rfxf2
27. N7h5 Rxg2+ 28. Kf1 Bxh3 29. Nf6+ Kh8 30. Nfe4 Rxg3+ 0-1

[Event "Madrid ch Superveteranos 2021-2022"]
[Site "Madrid ESP"]
[Date "2022.04.20"]
[Round "3.9"]
[White "Garcia Esteban, Ignacio"]
[Black "Infante Martin, Alonso"]
[Result "0-1"]
[WhiteElo "1730"]
[BlackElo "1400"]
[PlyCount "90"]
[EventDate "2022.04.18"]
[EventType "swiss"]
[EventRounds "7"]
[EventCountry "ESP"]
[SourceTitle "Ajedrez en Madrid"]
[Source "lmi"]
[SourceDate "2022.04.18"]
[SourceVersion "1"]
[SourceVersionDate "2022.04.28"]
[SourceQuality "1"]

1. e4 e5 2. Nf3 Nc6 3. Bb5 a6 4. Ba4 Nf6 5. O-O Be7 6. Re1 d6 7. d4 b5 8. Bb3
Na5 9. dxe5 dxe5 10. Qxd8+ Bxd8 11. Nxe5 O-O 12. Nc3 Bb7 13. Bd2 Nxb3 14. axb3
c5 15. f3 Bc7 16. Nd3 Bb6 17. Be3 Rac8 18. b4 cxb4 19. Nxb4 Bxe3+ 20. Rxe3 Rfd8
21. Rd3 Rxd3 22. cxd3 Nd7 23. Ncd5 Kf8 24. d4 f6 25. Kf2 Nb8 26. Nc3 Rc4 27.
Nc2 b4 28. Ra4 Nc6 29. d5 Ne5 30. Ne3 Nd3+ 31. Ke2 Rd4 32. Ncd1 Nc5 33. Ra2 Nb3
34. Ra4 a5 35. Kf2 Ba6 36. Ra2 Bb5 37. Kg3 a4 38. Nf2 Rd2 39. Nfd1 a3 40. e5
fxe5 41. Kg4 Bd7+ 42. Kg5 h6+ 43. Kg6 Bb5 44. Kf5 Be2 45. Nf2 Rxb2 0-1

[Event "Madrid ch Superveteranos 2021-2022"]
[Site "Madrid ESP"]
[Date "2022.04.20"]
[Round "3.10"]
[White "Lopez Manso, Jeronimo"]
[Black "Perez Pascual, Arturo"]
[Result "0-1"]
[WhiteElo "1397"]
[BlackElo "1686"]
[PlyCount "57"]
[EventDate "2022.04.18"]
[EventType "swiss"]
[EventRounds "7"]
[EventCountry "ESP"]
[SourceTitle "Ajedrez en Madrid"]
[Source "lmi"]
[SourceDate "2022.04.18"]
[SourceVersion "1"]
[SourceVersionDate "2022.04.28"]
[SourceQuality "1"]

1. f4 d5 2. e3 c5 3. Nf3 g6 4. d4 cxd4 5. Nxd4 Bg7 6. Nc3 Nf6 7. Be2 Nc6 8. Bb5
Bd7 9. Nf3 a6 10. Ba4 b5 11. Bb3 e6 12. O-O O-O 13. Ne2 Ne4 14. g4 Na5 15. c3
Nxb3 16. Qxb3 Qb6 17. Kg2 a5 18. a4 Nc5 19. Qc2 bxa4 20. Nfd4 Nb3 21. Ra3 Rab8
22. h3 Rfc8 23. f5 Nxc1 24. fxg6 hxg6 25. Qxc1 Qxb2 26. Qxb2 Rxb2 27. Rf2 Rcb8
28. e4 Bf8 29. Ra1 0-1

[Event "Madrid ch Superveteranos 2021-2022"]
[Site "Madrid ESP"]
[Date "2022.04.20"]
[Round "3.11"]
[White "Siddiqie, Kausar Iqbal"]
[Black "Martinez Rubio, Felipe"]
[Result "0-1"]
[WhiteElo "1309"]
[BlackElo "1632"]
[PlyCount "54"]
[EventDate "2022.04.18"]
[EventType "swiss"]
[EventRounds "7"]
[EventCountry "ESP"]
[SourceTitle "Ajedrez en Madrid"]
[Source "lmi"]
[SourceDate "2022.04.18"]
[SourceVersion "1"]
[SourceVersionDate "2022.04.28"]
[SourceQuality "1"]

1. e4 c5 2. Nf3 e6 3. Bc4 a6 4. a4 Nc6 5. O-O g6 6. d4 cxd4 7. Nxd4 Bg7 8. c3
Nge7 9. Bf4 Na5 10. Ba2 e5 11. b4 exf4 12. bxa5 Qxa5 13. Qb3 O-O 14. Nd2 b5 15.
axb5 Bxd4 16. b6 Qxc3 17. b7 Bxb7 18. Qxb7 Qxd2 19. Bxf7+ Kxf7 20. Rad1 Bxf2+
21. Kh1 Qe2 22. e5 Rfe8 23. Qc7 Rac8 24. e6+ dxe6 25. Qxf4+ Kg8 26. g3 Rf8 27.
Rxf2 Qxd1+ 0-1

[Event "Madrid ch Superveteranos 2021-2022"]
[Site "Madrid ESP"]
[Date "2022.04.20"]
[Round "3.12"]
[White "De Los Rios Camacho, Juan Antonio"]
[Black "Rufo Yebra, Benito"]
[Result "1-0"]
[WhiteElo "1597"]
[BlackElo "1365"]
[PlyCount "79"]
[EventDate "2022.04.18"]
[EventType "swiss"]
[EventRounds "7"]
[EventCountry "ESP"]
[SourceTitle "Ajedrez en Madrid"]
[Source "lmi"]
[SourceDate "2022.04.18"]
[SourceVersion "1"]
[SourceVersionDate "2022.04.28"]
[SourceQuality "1"]

1. e4 e6 2. d3 Bc5 3. Nd2 Nc6 4. c3 e5 5. Ngf3 d6 6. Be2 Bg4 7. h3 Bh5 8. Nf1
h6 9. g4 Bg6 10. Ng3 d5 11. Qc2 dxe4 12. dxe4 Nf6 13. b4 Bb6 14. b5 Ne7 15.
Nxe5 Nd7 16. Nxg6 Nxg6 17. Nf5 Qf6 18. f4 Ne7 19. e5 Qg6 20. Bd3 Bf2+ 21. Kxf2
Nxf5 22. Bxf5 Qb6+ 23. Be3 c5 24. bxc6 Qxc6 25. Bxd7+ Qxd7 26. Bc5 Qc6 27. Bd6
g5 28. fxg5 hxg5 29. c4 b6 30. Rac1 O-O-O 31. Qf5+ Rd7 32. Qxg5 Kb7 33. Qf6 Rh7
34. h4 Qe4 35. Qf3 Qxf3+ 36. Kxf3 f6 37. c5 fxe5 38. c6+ Kc8 39. cxd7+ Kxd7 40.
Rc7+ 1-0

[Event "Madrid ch Superveteranos 2021-2022"]
[Site "Madrid ESP"]
[Date "2022.04.20"]
[Round "3.13"]
[White "Plaza Plaza, Prudencio"]
[Black "Becerra Baigorri, Jose"]
[Result "0-1"]
[WhiteElo "1245"]
[BlackElo "1545"]
[PlyCount "80"]
[EventDate "2022.04.18"]
[EventType "swiss"]
[EventRounds "7"]
[EventCountry "ESP"]
[SourceTitle "Ajedrez en Madrid"]
[Source "lmi"]
[SourceDate "2022.04.18"]
[SourceVersion "1"]
[SourceVersionDate "2022.04.28"]
[SourceQuality "1"]

1. d4 d5 2. Nf3 Nf6 3. e3 e6 4. Bd3 c5 5. c3 Nc6 6. Nbd2 cxd4 7. exd4 Be7 8.
O-O O-O 9. Re1 b6 10. Ne5 Nxe5 11. dxe5 Nd7 12. Nf3 Nc5 13. Bc2 f5 14. exf6
Bxf6 15. Ne5 Bxe5 16. Rxe5 Qf6 17. Qd4 Nd7 18. Bg5 Qxe5 19. Qh4 g6 20. Be3 Qf6
21. Bg5 Qf7 22. Re1 e5 23. f4 e4 24. Rxe4 Nf6 25. Rd4 Be6 26. h3 Ne4 27. Bh6
Qf6 28. Qxf6 Rxf6 29. Bxe4 dxe4 30. Rxe4 Bxa2 31. Bg5 Rf7 32. g4 Bd5 33. Rd4
Bb7 34. Kf2 Re8 35. Kg3 Kg7 36. f5 gxf5 37. gxf5 Rxf5 38. Kg4 Rf7 39. Kh5 Bf3+
40. Kh4 Re4+ 0-1

[Event "Madrid ch Superveteranos 2021-2022"]
[Site "Madrid ESP"]
[Date "2022.04.20"]
[Round "3.14"]
[White "Cabrera Jimenez, Julio"]
[Black "Lopez Heras, Arturo"]
[Result "1-0"]
[WhiteElo "1757"]
[BlackElo "1739"]
[PlyCount "21"]
[EventDate "2022.04.18"]
[EventType "swiss"]
[EventRounds "7"]
[EventCountry "ESP"]
[SourceTitle "Ajedrez en Madrid"]
[Source "lmi"]
[SourceDate "2022.04.18"]
[SourceVersion "1"]
[SourceVersionDate "2022.04.28"]
[SourceQuality "1"]

1. e4 e5 2. Nf3 Nc6 3. Bb5 f5 4. d3 fxe4 5. dxe4 Nf6 6. O-O Bc5 7. Bg5 O-O 8.
Bxf6 Qxf6 9. Qd5+ Qe6 10. Qxc5 Rxf3 11. Bc4 1-0

[Event "Madrid ch Superveteranos 2021-2022"]
[Site "Madrid ESP"]
[Date "2022.04.20"]
[Round "3.15"]
[White "Ramos Antona, Enrique"]
[Black "Hortelano Hap, Ramon"]
[Result "1/2-1/2"]
[WhiteElo "1540"]
[BlackElo "1650"]
[PlyCount "55"]
[EventDate "2022.04.18"]
[EventType "swiss"]
[EventRounds "7"]
[EventCountry "ESP"]
[SourceTitle "Ajedrez en Madrid"]
[Source "lmi"]
[SourceDate "2022.04.18"]
[SourceVersion "1"]
[SourceVersionDate "2022.04.28"]
[SourceQuality "1"]

1. d4 Nf6 2. c4 e6 3. Nc3 Bb4 4. e3 O-O 5. Bd3 d5 6. Nf3 c5 7. O-O cxd4 8. exd4
dxc4 9. Bxc4 Qc7 10. Qb3 Nc6 11. a3 Bxc3 12. Qxc3 h6 13. Ba2 b6 14. Be3 Bb7 15.
Rac1 Qd6 16. Rfd1 Rac8 17. Qd3 Ne7 18. Qe2 Ned5 19. Bd2 Nf4 20. Qe3 N6d5 21.
Bxd5 Nxd5 22. Qe5 Qd7 23. Qg3 Kh7 24. Qh3 f6 25. Qg3 Ne7 26. Nh4 Rxc1 27. Bxc1
Qd5 28. Qd3+ 1/2-1/2

[Event "Madrid ch Superveteranos 2021-2022"]
[Site "Madrid ESP"]
[Date "2022.04.20"]
[Round "3.16"]
[White "De Juan Rivas, Antonio"]
[Black "Lopez Martinez, Antonio"]
[Result "0-1"]
[WhiteElo "1420"]
[BlackElo "1511"]
[PlyCount "131"]
[EventDate "2022.04.18"]
[EventType "swiss"]
[EventRounds "7"]
[EventCountry "ESP"]
[SourceTitle "Ajedrez en Madrid"]
[Source "lmi"]
[SourceDate "2022.04.18"]
[SourceVersion "1"]
[SourceVersionDate "2022.04.28"]
[SourceQuality "1"]

1. d4 Nf6 2. Bf4 e6 3. Nf3 b6 4. e3 Bb7 5. Nbd2 Be7 6. h3 O-O 7. Bd3 d5 8. O-O
Nbd7 9. c4 Ne4 10. Rc1 Rc8 11. Qc2 f5 12. Ne5 g5 13. Bh2 Bd6 14. f3 Nxd2 15.
Qxd2 Nxe5 16. dxe5 Be7 17. Be2 c5 18. g4 d4 19. Rcd1 dxe3 20. Qxe3 Qe8 21. Qd2
f4 22. Qd7 Bc6 23. Qxa7 Bd8 24. Qa3 Ra8 25. Qc3 Bc7 26. a3 Qb8 27. Qd3 Bxe5 28.
Qb1 Bd4+ 29. Kg2 Qb7 30. Bd3 e5 31. Bg1 Rae8 32. Rde1 Re7 33. Be4 Bxe4 34. Rxe4
Qa6 35. Qc2 Rd7 36. Rfe1 Rfd8 37. Bxd4 cxd4 38. Rxe5 d3 39. Rxg5+ Kh8 40. Qc3+
Rd4 41. Rd1 Qxc4 42. Qe1 Qc7 43. Qe6 Qd6 44. Qe5+ Qxe5 45. Rxe5 d2 46. Kf2 Rc8
47. Re2 Rc2 48. b3 Rb2 49. b4 Rd3 50. h4 Kg7 51. h5 Rc2 52. a4 Kf6 53. a5 bxa5
54. bxa5 Ra2 55. a6 Raa3 56. Rdxd2 Rxf3+ 57. Ke1 Rxa6 58. Rg2 Re6+ 59. Rde2
Rxe2+ 60. Kxe2 Re3+ 61. Kf2 Kg5 62. Rg1 Ra3 63. Kf1 Ra1+ 64. Kf2 Rxg1 65. Kxg1
Kxg4 66. h6 0-1

[Event "Madrid ch Superveteranos 2021-2022"]
[Site "Madrid ESP"]
[Date "2022.04.21"]
[Round "4.1"]
[White "Barez Menendez, Hector"]
[Black "Camarero Izquierdo, Juan Carlos"]
[Result "1/2-1/2"]
[WhiteElo "2058"]
[BlackElo "1829"]
[PlyCount "49"]
[EventDate "2022.04.18"]
[EventType "swiss"]
[EventRounds "7"]
[EventCountry "ESP"]
[SourceTitle "Ajedrez en Madrid"]
[Source "lmi"]
[SourceDate "2022.04.18"]
[SourceVersion "1"]
[SourceVersionDate "2022.04.28"]
[SourceQuality "1"]

1. d4 d5 2. Nf3 e6 3. g3 Bd6 4. Bg2 Nd7 5. O-O f5 6. c4 c6 7. Qc2 Ndf6 8. c5
Bc7 9. Bf4 Bxf4 10. gxf4 Nh5 11. e3 Ngf6 12. Nc3 O-O 13. b4 Ne4 14. a4 Bd7 15.
Ne5 Nxc3 16. Qxc3 Be8 17. Qd3 Nf6 18. b5 Nd7 19. Nxd7 Bxd7 20. Rfb1 Qh4 21.
bxc6 Bxc6 22. Qe2 Rf6 23. Qf3 Rh6 24. Qg3 Qe7 25. Rb2 1/2-1/2

[Event "Madrid ch Superveteranos 2021-2022"]
[Site "Madrid ESP"]
[Date "2022.04.21"]
[Round "4.2"]
[White "Ortiz Landeira, Jose Antonio"]
[Black "De Paz Nistal, Santiago"]
[Result "0-1"]
[WhiteElo "1783"]
[BlackElo "1874"]
[PlyCount "94"]
[EventDate "2022.04.18"]
[EventType "swiss"]
[EventRounds "7"]
[EventCountry "ESP"]
[SourceTitle "Ajedrez en Madrid"]
[Source "lmi"]
[SourceDate "2022.04.18"]
[SourceVersion "1"]
[SourceVersionDate "2022.04.28"]
[SourceQuality "1"]

1. Nf3 Nf6 2. c4 e6 3. Nc3 d5 4. cxd5 exd5 5. d4 Bd6 6. Bg5 c6 7. Qc2 Nbd7 8.
e3 O-O 9. Bd3 h6 10. Bh4 Re8 11. Bg3 Nf8 12. Bxd6 Qxd6 13. h3 Ne6 14. O-O Ng5
15. Nxg5 hxg5 16. Bf5 g4 17. Bxc8 Raxc8 18. Qf5 g6 19. Qg5 gxh3 20. gxh3 Kg7
21. Kg2 Rh8 22. Qg3 Qe6 23. Rh1 Rh5 24. f4 Rch8 25. h4 Qf5 26. Rac1 Ne4 27.
Nxe4 Qxe4+ 28. Kf2 Qe7 29. Rcg1 Qb4 30. Rb1 Qd2+ 31. Kf3 Qd3 32. Rbg1 Qe4+ 33.
Kf2 Qc2+ 34. Kf3 Qxb2 35. Rb1 Qc2 36. Qg4 Qe4+ 37. Kf2 Qe7 38. Qg3 b6 39. a4 c5
40. a5 bxa5 41. dxc5 Qxc5 42. Rhc1 Qe7 43. Rb5 Rxh4 44. Rc3 Rh2+ 45. Kf1 Rh1+
46. Ke2 R8h2+ 47. Kf3 Qe4+ 0-1

[Event "Madrid ch Superveteranos 2021-2022"]
[Site "Madrid ESP"]
[Date "2022.04.21"]
[Round "4.3"]
[White "Cabañas Bravo, Juan Andres"]
[Black "Pastor Alonso De Prado, Alberto"]
[Result "0-1"]
[WhiteElo "1891"]
[BlackElo "2088"]
[PlyCount "74"]
[EventDate "2022.04.18"]
[EventType "swiss"]
[EventRounds "7"]
[EventCountry "ESP"]
[SourceTitle "Ajedrez en Madrid"]
[Source "lmi"]
[SourceDate "2022.04.18"]
[SourceVersion "1"]
[SourceVersionDate "2022.04.28"]
[SourceQuality "1"]

1. e4 c6 2. Nc3 d5 3. d4 dxe4 4. Nxe4 Nf6 5. Nxf6+ exf6 6. Bc4 Na6 7. Qe2+ Be7
8. Bxa6 bxa6 9. Be3 O-O 10. Qc4 Rb8 11. O-O-O Qa5 12. d5 Rb4 13. Bd2 Rxc4 14.
Bxa5 cxd5 15. b3 Ba3+ 16. Kb1 Rc5 17. b4 Rb5 18. Ne2 Bxb4 19. Bxb4 Rxb4+ 20.
Ka1 Be6 21. Rd4 Rfb8 22. Rxb4 Rxb4 23. Rb1 Rb6 24. Nc3 g5 25. Na4 Rb5 26. Rb3
Kg7 27. Nc3 Rc5 28. Ra3 d4 29. Ne2 Rxc2 30. Nxd4 Rxf2 31. Rxa6 Rxg2 32. Rxa7
Kg6 33. a4 Rxh2 34. a5 Bd5 35. Nb5 g4 36. Nc3 Bf3 37. Re7 g3 0-1

[Event "Madrid ch Superveteranos 2021-2022"]
[Site "Madrid ESP"]
[Date "2022.04.21"]
[Round "4.4"]
[White "Martinez Rubio, Felipe"]
[Black "Viñas Lopez, Carlos"]
[Result "1/2-1/2"]
[WhiteElo "1632"]
[BlackElo "1850"]
[PlyCount "77"]
[EventDate "2022.04.18"]
[EventType "swiss"]
[EventRounds "7"]
[EventCountry "ESP"]
[SourceTitle "Ajedrez en Madrid"]
[Source "lmi"]
[SourceDate "2022.04.18"]
[SourceVersion "1"]
[SourceVersionDate "2022.04.28"]
[SourceQuality "1"]

1. d4 Nf6 2. Nf3 e6 3. Bf4 b6 4. e3 Bb7 5. Bd3 Be7 6. h3 d6 7. Nbd2 Nbd7 8. e4
c5 9. Bxd6 Bxd6 10. e5 Bc7 11. exf6 Qxf6 12. Ne4 Qe7 13. Qe2 O-O 14. O-O Rad8
15. dxc5 Nxc5 16. Nxc5 Qxc5 17. Be4 Bc8 18. c3 f5 19. Bc2 e5 20. b4 Qe7 21.
Rad1 Qf6 22. Qc4+ Qf7 23. Bb3 Qxc4 24. Bxc4+ Kh8 25. Rxd8 Bxd8 26. Nxe5 g6 27.
Rd1 Bf6 28. f4 Kg7 29. Kf2 Re8 30. Re1 Re7 31. Re3 Bb7 32. Bd3 Rc7 33. c4 Ba6
34. Ke2 Bxe5 35. Rxe5 Bxc4 36. Bxc4 Rxc4 37. Re7+ Kh6 38. Kf3 Rc3+ 39. Re3
1/2-1/2

[Event "Madrid ch Superveteranos 2021-2022"]
[Site "Madrid ESP"]
[Date "2022.04.21"]
[Round "4.5"]
[White "Hurtado Garrido, Reyes"]
[Black "Fernandez Garcia, Ignacio"]
[Result "1/2-1/2"]
[WhiteElo "1606"]
[BlackElo "1796"]
[PlyCount "61"]
[EventDate "2022.04.18"]
[EventType "swiss"]
[EventRounds "7"]
[EventCountry "ESP"]
[SourceTitle "Ajedrez en Madrid"]
[Source "lmi"]
[SourceDate "2022.04.18"]
[SourceVersion "1"]
[SourceVersionDate "2022.04.28"]
[SourceQuality "1"]

1. d4 b5 2. Bf4 Bb7 3. e3 Nf6 4. Nf3 a6 5. Nbd2 e6 6. Bd3 Nc6 7. c3 Ne7 8. O-O
Ng6 9. Re1 Nxf4 10. exf4 Be7 11. Ne4 Nxe4 12. Bxe4 Bxe4 13. Rxe4 O-O 14. d5 Bf6
15. d6 cxd6 16. Qxd6 b4 17. Rxb4 Be7 18. Qd3 Bxb4 19. cxb4 Qc7 20. Ng5 g6 21.
g3 d5 22. a3 Rfc8 23. Re1 Qc4 24. Qe3 d4 25. Qe5 d3 26. Ne4 Qb5 27. Nf6+ Kh8
28. Nd5+ Kg8 29. Ne7+ Kf8 30. Qxb5 axb5 31. Nxc8 1/2-1/2

[Event "Madrid ch Superveteranos 2021-2022"]
[Site "Madrid ESP"]
[Date "2022.04.21"]
[Round "4.6"]
[White "Becerra Baigorri, Jose"]
[Black "Jimenez Jimenez, Jose Luis"]
[Result "1-0"]
[WhiteElo "1545"]
[BlackElo "1780"]
[PlyCount "79"]
[EventDate "2022.04.18"]
[EventType "swiss"]
[EventRounds "7"]
[EventCountry "ESP"]
[SourceTitle "Ajedrez en Madrid"]
[Source "lmi"]
[SourceDate "2022.04.18"]
[SourceVersion "1"]
[SourceVersionDate "2022.04.28"]
[SourceQuality "1"]

1. e4 e5 2. Nf3 Nc6 3. Bb5 Nf6 4. O-O Nxe4 5. Re1 Nd6 6. Bxc6 dxc6 7. Nxe5 Be7
8. d4 O-O 9. Nc3 Bf6 10. Bf4 Bf5 11. Ne2 Ne4 12. Ng3 Nxg3 13. Bxg3 Re8 14. c3
h6 15. Qb3 Bxe5 16. dxe5 b6 17. Rad1 Qg5 18. Qa4 Qg6 19. Rd2 a5 20. Rde2 b5 21.
Qf4 Be6 22. a3 Rad8 23. Rd2 Bd5 24. Red1 Qe6 25. h3 a4 26. Qb4 Rb8 27. Qc5 h5
28. Qd4 Qg6 29. Qh4 Qh6 30. Qf4 Qg6 31. h4 Re6 32. Qg5 Qe4 33. f3 Qh7 34. Kf2
Rbe8 35. Bh2 Rg6 36. Qf4 Ree6 37. c4 bxc4 38. Qxc4 Qh6 39. Qxa4 Re8 40. Rxd5
1-0

[Event "Madrid ch Superveteranos 2021-2022"]
[Site "Madrid ESP"]
[Date "2022.04.21"]
[Round "4.7"]
[White "Barahona Torrijos, Angel"]
[Black "De Los Rios Camacho, Juan Antonio"]
[Result "1-0"]
[WhiteElo "1765"]
[BlackElo "1597"]
[PlyCount "57"]
[EventDate "2022.04.18"]
[EventType "swiss"]
[EventRounds "7"]
[EventCountry "ESP"]
[SourceTitle "Ajedrez en Madrid"]
[Source "lmi"]
[SourceDate "2022.04.18"]
[SourceVersion "1"]
[SourceVersionDate "2022.04.28"]
[SourceQuality "1"]

1. e4 e5 2. Nf3 d6 3. d4 Nd7 4. Bc4 c6 5. O-O Be7 6. dxe5 dxe5 7. Qe2 Qc7 8.
Ng5 Bxg5 9. Bxg5 Ngf6 10. Nd2 h6 11. Be3 g5 12. b4 Nf8 13. a4 Ng6 14. Bb3 Nf4
15. Bxf4 gxf4 16. Nc4 Bg4 17. f3 Bh5 18. Rfd1 O-O 19. Rd6 Kg7 20. Rad1 Rfe8 21.
Qf2 Qe7 22. Qh4 Rad8 23. g4 fxg3 24. Qxg3+ Kh7 25. Qh3 Rg8+ 26. Kf2 Nxe4+ 27.
fxe4 Rxd6 28. Rxd6 Qg5 29. Qf5+ 1-0

[Event "Madrid ch Superveteranos 2021-2022"]
[Site "Madrid ESP"]
[Date "2022.04.21"]
[Round "4.8"]
[White "Perez Pascual, Arturo"]
[Black "Ureña Castellano, Antonio"]
[Result "1-0"]
[WhiteElo "1686"]
[BlackElo "1549"]
[PlyCount "65"]
[EventDate "2022.04.18"]
[EventType "swiss"]
[EventRounds "7"]
[EventCountry "ESP"]
[SourceTitle "Ajedrez en Madrid"]
[Source "lmi"]
[SourceDate "2022.04.18"]
[SourceVersion "1"]
[SourceVersionDate "2022.04.28"]
[SourceQuality "1"]

1. e4 c5 2. Nf3 Nc6 3. d4 cxd4 4. Nxd4 e5 5. Nb5 d6 6. c4 a6 7. N5c3 Nf6 8. Be2
Be7 9. Be3 O-O 10. O-O Rb8 11. a3 Be6 12. b4 Qc7 13. f3 Rfc8 14. Qd3 Nd8 15.
Nd5 Bxd5 16. cxd5 Qc2 17. Rc1 Qxd3 18. Bxd3 Rxc1+ 19. Bxc1 Rc8 20. Bd2 h6 21.
Nc3 b5 22. a4 a5 23. Nxb5 Nb7 24. Na7 Ra8 25. Nc6 Bd8 26. Nxd8 Rxd8 27. Ba6 Rb8
28. Rb1 Nd7 29. bxa5 Ndc5 30. Bxb7 Kf8 31. Be3 Rxb7 32. Rxb7 Nxb7 33. a6 1-0

[Event "Madrid ch Superveteranos 2021-2022"]
[Site "Madrid ESP"]
[Date "2022.04.21"]
[Round "4.9"]
[White "Maseda Iglesias, Luis"]
[Black "Infante Martin, Alonso"]
[Result "0-1"]
[WhiteElo "1657"]
[BlackElo "1400"]
[PlyCount "62"]
[EventDate "2022.04.18"]
[EventType "swiss"]
[EventRounds "7"]
[EventCountry "ESP"]
[SourceTitle "Ajedrez en Madrid"]
[Source "lmi"]
[SourceDate "2022.04.18"]
[SourceVersion "1"]
[SourceVersionDate "2022.04.28"]
[SourceQuality "1"]

1. d4 Nf6 2. Nf3 d6 3. c4 Nbd7 4. Nc3 c6 5. e4 e5 6. Be2 Be7 7. O-O O-O 8. b3
Re8 9. a4 Bf8 10. d5 c5 11. a5 a6 12. h3 g6 13. Bg5 h6 14. Bd2 Bg7 15. Qc1 Kh7
16. Re1 Rf8 17. Bf1 Ng8 18. g3 Ne7 19. Bg2 f5 20. Nh2 Ng8 21. exf5 gxf5 22. g4
fxg4 23. Be4+ Kh8 24. Nxg4 Qh4 25. Bg2 Ndf6 26. f3 Bxg4 27. fxg4 Rae8 28. Rf1
e4 29. Bf4 Rd8 30. Qe3 Nxg4 31. hxg4 Bd4 0-1

[Event "Madrid ch Superveteranos 2021-2022"]
[Site "Madrid ESP"]
[Date "2022.04.21"]
[Round "4.10"]
[White "Ghavami, Mahmoud"]
[Black "Estrada Martinez, Cesar"]
[Result "0-1"]
[WhiteElo "1470"]
[BlackElo "1970"]
[PlyCount "85"]
[EventDate "2022.04.18"]
[EventType "swiss"]
[EventRounds "7"]
[EventCountry "ESP"]
[SourceTitle "Ajedrez en Madrid"]
[Source "lmi"]
[SourceDate "2022.04.18"]
[SourceVersion "1"]
[SourceVersionDate "2022.04.28"]
[SourceQuality "1"]

1. c4 e5 2. g3 Nf6 3. Nc3 Bc5 4. h3 O-O 5. Bg2 c6 6. e4 d6 7. Nge2 Be6 8. d3
Qd7 9. Na4 Bb4+ 10. Nac3 d5 11. a3 Bxc3+ 12. Nxc3 dxc4 13. dxc4 Bxc4 14. Bg5
Qxd1+ 15. Rxd1 Nbd7 16. f3 Nc5 17. Bxf6 gxf6 18. Bf1 Bxf1 19. Kxf1 Rfd8 20. Kg2
Kf8 21. f4 exf4 22. gxf4 Nd3 23. Ne2 Nxb2 24. Rb1 Rd2 25. Kf3 Rad8 26. Nc1 b5
27. Kg4 Ke7 28. Kh5 Nc4 29. Nb3 Rf2 30. Rbf1 Rxf1 31. Rxf1 Rd3 32. h4 Rxb3 33.
Rh1 Rf3 34. Kh6 Rxf4 35. Kxh7 Nd6 36. h5 Nxe4 37. Re1 Kf8 38. a4 Ng5+ 39. Kh6
Ne6 40. Rc1 Rh4 41. axb5 cxb5 42. Rc8+ Ke7 43. Ra8 0-1

[Event "Madrid ch Superveteranos 2021-2022"]
[Site "Madrid ESP"]
[Date "2022.04.21"]
[Round "4.11"]
[White "Ciuro Muñoz, Ricardo"]
[Black "Castro Uceda, Jose Antonio"]
[Result "1-0"]
[WhiteElo "1895"]
[BlackElo "1446"]
[PlyCount "73"]
[EventDate "2022.04.18"]
[EventType "swiss"]
[EventRounds "7"]
[EventCountry "ESP"]
[SourceTitle "Ajedrez en Madrid"]
[Source "lmi"]
[SourceDate "2022.04.18"]
[SourceVersion "1"]
[SourceVersionDate "2022.04.28"]
[SourceQuality "1"]

1. e4 c5 2. Nf3 g6 3. d3 Bg7 4. g3 Nc6 5. Bg2 d5 6. exd5 Qxd5 7. O-O Qd8 8. Re1
Nf6 9. Nc3 O-O 10. Bf4 a6 11. Qd2 Re8 12. a4 Be6 13. Ne5 Bd5 14. Nxd5 Nxd5 15.
Nxc6 bxc6 16. Be5 e6 17. Bxg7 Kxg7 18. d4 Qb6 19. c4 Nb4 20. a5 Qa7 21. Rad1
Rad8 22. Qc3 Kg8 23. Re4 Qc7 24. Rde1 Qd6 25. h4 cxd4 26. Qd2 c5 27. h5 Qc7 28.
hxg6 fxg6 29. Re5 Qd6 30. Bh3 Kg7 31. Rxe6 Rxe6 32. Rxe6 Qf8 33. Qg5 Kg8 34.
Re7 Nc6 35. Be6+ Kh8 36. Rf7 Qe8 37. Qf6+ 1-0

[Event "Madrid ch Superveteranos 2021-2022"]
[Site "Madrid ESP"]
[Date "2022.04.21"]
[Round "4.12"]
[White "Rufo Yebra, Benito"]
[Black "Cabrera Jimenez, Julio"]
[Result "0-1"]
[WhiteElo "1365"]
[BlackElo "1757"]
[PlyCount "42"]
[EventDate "2022.04.18"]
[EventType "swiss"]
[EventRounds "7"]
[EventCountry "ESP"]
[SourceTitle "Ajedrez en Madrid"]
[Source "lmi"]
[SourceDate "2022.04.18"]
[SourceVersion "1"]
[SourceVersionDate "2022.04.28"]
[SourceQuality "1"]

1. d4 Nf6 2. e3 d5 3. Nf3 Bf5 4. Bd3 Bg4 5. h3 Bh5 6. Nc3 e6 7. g4 Bg6 8. Ne5
Bxd3 9. Qxd3 Nbd7 10. e4 Nxe5 11. dxe5 Nd7 12. exd5 Nxe5 13. Qe4 Bd6 14. Bf4
Qf6 15. Bxe5 Bxe5 16. Qe3 Bd4 17. Ne4 Qe5 18. f4 Qxd5 19. Qd3 O-O-O 20. O-O-O
Qxa2 21. Qb3 Be3+ 0-1

[Event "Madrid ch Superveteranos 2021-2022"]
[Site "Madrid ESP"]
[Date "2022.04.21"]
[Round "4.13"]
[White "Salgado Duarte, Pablo"]
[Black "Garcia Esteban, Ignacio"]
[Result "0-1"]
[WhiteElo "1435"]
[BlackElo "1730"]
[PlyCount "84"]
[EventDate "2022.04.18"]
[EventType "swiss"]
[EventRounds "7"]
[EventCountry "ESP"]
[SourceTitle "Ajedrez en Madrid"]
[Source "lmi"]
[SourceDate "2022.04.18"]
[SourceVersion "1"]
[SourceVersionDate "2022.04.28"]
[SourceQuality "1"]

1. d4 Nf6 2. c4 e5 3. dxe5 Ng4 4. Nf3 Nc6 5. Nc3 Ngxe5 6. e4 d6 7. h3 Be7 8.
Be2 O-O 9. O-O Be6 10. Nd5 Nxf3+ 11. Bxf3 Bf6 12. a3 Ne5 13. Be2 c6 14. Nxf6+
Qxf6 15. Qxd6 Rfd8 16. Qb4 Qg6 17. Qc3 Qxe4 18. Re1 Ng6 19. b3 Nf4 20. Bxf4
Qxf4 21. Rad1 Qg5 22. Rd3 Rxd3 23. Qxd3 Rd8 24. Qf3 Qa5 25. Ra1 Qe5 26. Re1 a5
27. a4 h6 28. Rd1 Rd4 29. Rxd4 Qxd4 30. Qd3 Qf6 31. Qd2 Qa1+ 32. Kh2 Qe5+ 33.
g3 Qc5 34. Bd1 Kh7 35. Bc2+ g6 36. Kg2 b6 37. Qf4 b5 38. axb5 cxb5 39. Bd3 bxc4
40. Qc1 Qd5+ 41. Kh2 Qxd3 42. bxc4 Qxc4 0-1